|
|
|
|
| LEADER |
01906nam a2200457 a 4500 |
| 001 |
nkc20112160926 |
| 003 |
CZ PrNK |
| 005 |
20141125132548.0 |
| 007 |
ta |
| 008 |
110113s2010 xr a e p 000 0 eng |
| 015 |
|
|
|a cnb002160926
|
| 020 |
|
|
|a 978-80-248-2362-1
|q (brož.)
|
| 035 |
|
|
|a (OCoLC)730406819
|
| 040 |
|
|
|a OLA001
|b cze
|
| 072 |
|
7 |
|a 005
|x Management. Řízení
|2 Konspekt
|9 4
|
| 072 |
|
7 |
|a 37.016
|x Učební osnovy. Vyučovací předměty. Učebnice
|2 Konspekt
|9 22
|
| 080 |
|
|
|a 005
|2 MRF
|
| 080 |
|
|
|a (075.8)
|2 MRF
|
| 100 |
1 |
|
|a Horváthová, Petra,
|d 1967-
|7 mzk2007386161
|4 aut
|
| 245 |
1 |
0 |
|a Essentials of management /
|c Petra Horváthová
|
| 250 |
|
|
|a 1. vyd.
|
| 260 |
|
|
|a Ostrava :
|b VŠB - Technická univerzita Ostrava,
|c 2010
|
| 300 |
|
|
|a 159 s. :
|b il. ;
|c 29 cm
|
| 500 |
|
|
|a Nad názvem: VŠB - Technical University of Ostrava, Faculty of Economics
|
| 500 |
|
|
|a 60 výt.
|
| 504 |
|
|
|a Obsahuje bibliografii
|
| 521 |
8 |
|
|a Určeno pro zahraniční studenty Erasmus a EBS
|
| 650 |
0 |
7 |
|a management
|7 ph115217
|2 czenas
|
| 650 |
0 |
9 |
|a management
|2 eczenas
|
| 655 |
|
7 |
|a učebnice vysokých škol
|7 fd133772
|2 czenas
|
| 655 |
|
9 |
|a textbooks (higher)
|2 eczenas
|
| 710 |
2 |
|
|a Vysoká škola báňská - Technická univerzita Ostrava.
|b Ekonomická fakulta
|7 kn20010709388
|
| 910 |
2 |
|
|a BOA001
|b 4-1260.736
|
| 928 |
9 |
|
|a Vysoká škola báňská - Technická univerzita Ostrava
|
| 990 |
|
|
|a BK
|
| 995 |
|
|
|a 01
|
| 991 |
|
|
|b 201103
|c NOV
|e n
|
| 996 |
6 |
|
|b 2610472574
|c 4-1260.736
|l MZK
|r Sklad / do 1 hodiny
|n 1
|p p.v.
|w 001172144
|u 000010
|a 1
|e BOA001
|j MZK50
|s P
|
| 996 |
7 |
|
|b 2610613406
|c 4-1260.736
|l MZK
|r Sklad / do 1 hodiny
|n 0
|p dar
|w 001172144
|u 000020
|a 1
|e BOA001
|j MZK50
|s A
|
| 996 |
7 |
|
|b 2610613407
|c 4-1260.736
|l MZK
|r Sklad / do 1 hodiny
|n 0
|p dar
|w 001172144
|u 000030
|a 1
|e BOA001
|j MZK50
|s A
|
| 996 |
7 |
|
|b 2610613408
|c 4-1260.736
|l MZK
|r Sklad / do 1 hodiny
|n 2
|p dar
|w 001172144
|u 000040
|a 1
|e BOA001
|j MZK50
|s A
|